| 000 | 00889nam a2200265Ia 4500 | ||
|---|---|---|---|
| 003 | OSt | ||
| 005 | 20220923211208.0 | ||
| 006 | a|||||r|||| 00| 0 | ||
| 007 | ta | ||
| 008 | 220922b |||||||| |||| 00| 0 hin d | ||
| 020 |
_a97880146553 (hbk) _c100 |
||
| 024 | _a246,042 | ||
| 037 |
_b387, 11/02/2011, Swaraj Prakashan _cTextual |
||
| 040 |
_aARTS _cARTS _bhin |
||
| 041 |
_2hin _ahin |
||
| 082 | _aO152,2N60,HH, Q0 | ||
| 100 |
_aजयवर्धन _9156280 |
||
| 245 | 0 | _aहाय ! हैंडसम | |
| 246 | _aHāya ! Haianḍasama | ||
| 260 |
_aनयी दिल्ली _b किताबघर प्रकाशन _c2010 |
||
| 300 |
_a79पृ. _ccm. |
||
| 650 |
_aहिन्दी साहित्य _9156264 |
||
| 942 |
_hO152,2N60,HH, Q0 _cTEXL _2CC |
||
| 999 |
_c296672 _d296672 |
||